| 000 | 00412nam a22001457a 4500 | ||
|---|---|---|---|
| 003 | ASAB | ||
| 005 | 20180827062625.0 | ||
| 008 | 160404t xxu||||| |||| 00| 0 eng d | ||
| 020 | _a0-12-617950-6 | ||
| 040 | _cASAB | ||
| 100 |
_aby Edmund B. Sandborn _91697 |
||
| 245 |
_aLight and Electron microscopy of cells and tissues _bAn atlas for students in biology and medicine |
||
| 300 | _a208 P. | ||
| 942 |
_2ddc _cBK |
||
| 999 |
_c480052 _d480052 |
||